[Event "Europe-Tartarstan m"]
[Site "Kazan"]
[Date "2001.08.16"]
[Round "2"]
[White "Bologan, Viktor"]
[Black "Timofeev, Artyom"]
[Result "1-0"]
[WhiteElo "2655"]
[BlackElo "2521"]
[Annotator "Ftacnik,L"]
[PlyCount "77"]
[EventDate "2001.08.15"]
[EventType "team"]
[EventRounds "2"]
[EventCountry "RUS"]
[SourceTitle "CBM 085"]
[Source "ChessBase"]
[SourceDate "2001.11.13"]
[SourceVersion "1"]
[SourceVersionDate "2001.11.13"]
[SourceQuality "1"]

1. e4 c5 2. Nf3 d6 3. d4 cxd4 4. Nxd4 Nf6 5. Nc3 e6 6. g4 e5 7. Bb5+ Bd7 8.
Bxd7+ Qxd7 9. Nf5 h5 10. gxh5 Nxe4 11. Nxg7+ Bxg7 12. Nxe4 d5 13. h6 dxe4 14.
Qxd7+ Kxd7 15. hxg7 Rg8 16. Rg1 Nc6 17. Be3 Ne7 18. O-O-O+ Ke6 19. Bc5 (19. Rg4
f5 20. Rg5 f4 21. Bc5 Nf5 22. Rdg1 b6 23. Bf8 e3 24. fxe3 Nxe3 25. Rg6+ Kf7 26.
Rc6 f3 {1/2-1/2 Timoshenko,G-Fercec,N/Pula/1994/ (70)}) 19... Nf5 20. Bf8 Nd4
21. Kb1 $1 {[%mdl 8] The key move of the game, Bologan comes up with a fine
novelty in a long forced opening variation.} (21. Rg4 Kf5 22. Rh4 Rgxf8 23.
gxf8=Q Rxf8 24. Rh5+ Kf4 25. c3 Nf3 26. h4 f5 {0-1 Galstian,B-Timofeev,A/Artek/
2000/ (43)}) 21... Kf5 (21... Raxf8 22. gxf8=Q Rxf8 23. Rg3 Rh8 24. h3 $16) 22.
c3 Nf3 23. Rh1 $1 Rgxf8 (23... Nh4 24. Rd7 $18) 24. gxf8=Q Rxf8 25. h4 (25. Rd7
Kf4 26. Rxb7 e3 27. fxe3+ Kxe3 $132) 25... Rh8 (25... Kf4 26. h5 e3 27. fxe3+
Kxe3 28. Rd7 f5 29. Rxb7 $18) 26. Rd7 Rh7 (26... Ke6 27. Rxb7 Rxh4 28. Rxh4
Nxh4 29. Rxa7 $18) 27. Rxb7 e3 {It was next to impossible to prevent black's
counterplay of this type, but white is well prepared to cope with central
marching pawns.} (27... a6 28. Ra7 e3 29. fxe3 Ke4 30. h5 Kxe3 31. h6 e4 32.
Rxa6 Kf2 33. Rf6 $18) (27... Nxh4 28. Rxa7 Kf4 29. a4 Kf3 30. Rh2 $18) 28. fxe3
Ke4 29. Rxa7 Kxe3 30. Re7 e4 31. h5 (31. a4 Kf2 32. a5 e3 33. a6 $18) 31... Kf2
32. a4 (32. Rxe4 $2 Nd2+ 33. Kc2 Nxe4 34. a4 Ng3 35. Ra1 Rxh5 $13) 32... e3 33.
a5 e2 34. a6 e1=Q+ (34... Rh8 35. a7 (35. Rxf7 Rxh5 36. Rc1 Ra5 37. a7 Ke3 38.
b4 $18) 35... f5 36. b4 $18) 35. Rhxe1 Nxe1 36. a7 Rh8 37. Rxf7+ Ke2 38. Rb7
Ra8 39. h6 1-0

[Event "Moscow Aeroflot op-A1"]
[Site "Moscow"]
[Date "2008.02.21"]
[Round "8"]
[White "Vachier Lagrave, Maxime"]
[Black "Shomoev, Anton"]
[Result "1-0"]
[WhiteElo "2637"]
[BlackElo "2562"]
[Annotator "Ftacnik,L"]
[PlyCount "95"]
[EventDate "2008.02.14"]
[EventType "swiss"]
[EventRounds "9"]
[EventCountry "RUS"]
[SourceTitle "CBM 123"]
[Source "ChessBase"]
[SourceDate "2008.04.02"]
[SourceVersion "1"]
[SourceVersionDate "2008.04.02"]
[SourceQuality "1"]

1. e4 c5 2. Nf3 d6 3. d4 cxd4 4. Nxd4 Nf6 5. Nc3 a6 6. Be3 e6 7. g4 h6 8. Bg2
Nc6 9. h3 Ne5 10. Qe2 g5 11. O-O-O Qc7 {Shomoev is testing one of the most
provocative, but also promising concepts in the Sicilian opening. Black is
controling the f4-square so due to the g2-g4 advance White can not assault his
position with pawns.} (11... b5 12. Nc6 $1 Nxc6 (12... Qc7 13. Nxe5 dxe5 $16 {
12...b5}) 13. e5 Nd5 (13... d5 14. exf6 $16) (13... Bb7 14. exf6 Qxf6 15. Ne4
Qe5 16. Rhf1 $1 d5 17. f4 $44) 14. Nxd5 exd5 15. Bxd5 Bb7 16. exd6 Kd7 17. Be4
$1 $16) 12. Nf3 Nc4 {Black is opening a new chapter in the development of
White's unpleasant strategy with 12.Nf3.} (12... Ng6 13. h4 $1 Nxg4 14. hxg5
Bd7 (14... Nxe3 15. Qxe3 hxg5 (15... Qc5 16. Qd2 hxg5 (16... Bd7 17. gxh6 O-O-O
18. Kb1 Be7 19. Rdg1 Bf6 20. Bf1 Bc6 21. Bd3 Rdg8 22. Nd1 b5 23. Ne3 Ne5 24.
Rxg8+ Rxg8 25. Nxe5 Qxe5 26. Nd1 {1-0 Malysheva,P (2364)-Ilincic,Z (2520)/
Budapest 2004 (40)}) 17. Rxh8 Nxh8 18. e5 d5 19. Ne4 $1 $16) 16. Rxh8 Nxh8 17.
Qxg5 $16) 15. Bd2 $1 (15. gxh6 Bxh6 16. Bxh6 Rxh6 17. Rxh6 Nxh6 18. Qd2 Ng4 $13
) 15... O-O-O (15... hxg5 16. Rxh8 Nxh8 17. Nxg5 $16) (15... Rc8 16. Nd4 Qc4
17. Qxg4 Qxd4 18. Be3 Qb4 19. f4 Bg7 20. a3 Qa5 21. e5 Rxc3 22. Bd2 h5 23. Rxh5
Rxh5 24. Qxh5 Nxf4 25. Bxf4 Rc4 $11 {0-1 Kosintseva,T (2474)-Vachier Lagrave,M
(2573)/Wijk aan Zee 2007 (42)}) 16. Nd4 Bg7 $5 (16... N4e5 17. gxh6 $16) (16...
h5 17. f3 N4e5 18. Kb1 Nc4 19. Bc1 $16) 17. Qxg4 Bxd4 18. gxh6 Ne5 19. Qe2 Nc4
20. Rh3 $1 Nxd2 (20... Qc5 21. Bf1 $1 (21. Kb1 Bb5 $1 $44 (21... Qb4 22. Bc1))
21... Bb5 22. Qh5 $1 Nxd2 (22... Qb4 23. Bxc4 Bxc4 24. b3 $16) 23. Nxb5 axb5 (
23... Bxb2+ 24. Kxb2 Qb4+ 25. Kc1 Nxf1 26. Rb3 $18) 24. Rxd2 $16) 21. Qxd2 Be5
22. f4 Bf6 (22... Bxc3 23. Rxc3 Bc6 24. f5 $16) 23. Qxd6 Qxd6 24. Rxd6 {
1/2 Svidler,P (2660)-Leko,P (2635)/Tilburg 1997/ (39)}) (12... b5 13. Nxe5 dxe5
14. h4 Rg8 15. hxg5 (15. Qf3 Nh7 $16) 15... hxg5 16. Qf3 $16) (12... Bd7 13.
Nxe5 dxe5 14. h4 Rg8 15. hxg5 hxg5 16. Qf3 $16 Rg6 17. Bf1 Rc8 18. Rh8 b5 19.
Bd3 b4 20. Ne2 Ng8 21. Ng3 Bb5 {1/2 Spasov,V (2543)-Kanep,M (2452)/Plovdiv
2003 (28)}) (12... Nxf3 13. Bxf3 Nd7 14. h4 Rg8 15. hxg5 hxg5 16. Qd2 $1 Ne5
17. Be2 f6 18. f4 gxf4 19. Bxf4 $16) 13. Bd4 e5 14. Nd5 Nxd5 15. exd5 Bg7 {
The pawn on e5 needs protection, otherwise the whole position may fall apart.}
(15... f5 $2 16. b3 Kf7 (16... Nb6 17. Nxe5 $18) 17. bxc4 exd4 18. Nxd4 $16)
16. Nd2 Nxd2 (16... Nb6 17. h4 h5 18. gxh5 g4 19. f4 $14) 17. Rxd2 Bd7 (17...
f5 18. gxf5 Bxf5 19. Be4 Qf7 20. Bb6 O-O $13) 18. Be3 f5 {In order to avoid
suffering due to the vulnerability on the light squares.} (18... O-O-O 19. Be4
Kb8 20. Qf3 $14) 19. gxf5 Bxf5 20. h4 g4 (20... gxh4 21. Rxh4 Qe7 22. Rh5 $14)
21. f3 h5 (21... gxf3 22. Bxf3 O-O-O 23. Bg4 Rhf8 24. Rg1 $14) 22. fxg4 Bxg4 (
22... hxg4 $2 23. h5 Bh6 24. Rf1 Bxe3 25. Qxe3 Rxh5 26. Rdf2 Qh7 27. Be4 Bxe4
28. Qxe4 Rd8 29. Qa4+ b5 30. Qxg4 $18) 23. Bf3 Bxf3 24. Qxf3 O-O-O 25. Qf5+ Qd7
$6 {Black is not fully aware of the perils in his position, the endgame could
become very dangerous.} (25... Kb8 26. Qg6 $14) 26. Qxd7+ Kxd7 27. Rg1 Bf6 28.
Rf2 Rdf8 (28... Bxh4 29. Rf7+ Ke8 30. Rxb7 Rd7 31. Rb6 $14) 29. Rgf1 Be7 $2 {
A very instructive moment, as Black seems to believe that he has enough
counterplay due to the weakness of the h4-pawn.} (29... Ke7 30. Rxf6 Rxf6 31.
Bg5 Rhh6 32. Rf5 Kf7 33. Bxf6 Rxf6 34. Rxh5 Rf1+ 35. Kd2 Kg7 $14) 30. Rxf8 Rxf8
(30... Bxf8 31. Rf7+ $16) 31. Rxf8 Bxf8 32. Kd2 {[%mdl 16] Vachier Lagrave is
maturing into a very good grandmaster. His plan in this game reveals a deep
understanding of pawn structures.} Be7 33. Bf2 b5 (33... Ke8 34. Kd3 Kf7 35. c4
Bd8 36. b4 b6 37. Ke4 Kg6 38. a3 a5 39. Be3 Kf7 40. Kf5 axb4 41. axb4 Bxh4 42.
Bxb6 Bg3 43. Kg5 h4 44. Kg4 $18) 34. Kd3 Bd8 35. Ke4 Ke8 36. Kf5 Kf7 37. b3 Bf6
38. Be1 Be7 39. c4 bxc4 {Shomoev is unable to defend both of his weaknesses -
d6 and h5 pawns.} (39... Bd8 40. Bb4 bxc4 41. bxc4 Be7 42. a4 e4 (42... Bf8 43.
Kg5 e4 44. Kxh5 $18) 43. Kxe4 Kf6 44. Bd2 $18) 40. bxc4 a5 {This is the only
way to avoid losing one of the key pawns, but White will now be playing with
dangerous passed a-pawn.} (40... Bf6 41. a3 Be7 (41... Ke7 42. Kg6) 42. Bb4 $16
) 41. Bxa5 Bxh4 42. Bb4 Be7 43. a4 Ke8 (43... h4 44. Kg4 Ke8 45. Be1 Bd8 46.
Bxh4 $18) 44. a5 Kd7 45. a6 Kc8 (45... Kc7 46. Ke6 Bf8 47. a7 Kb7 48. Bxd6 Bxd6
(48... e4 49. Bxf8 e3 50. Bb4 h4 51. d6 $18) 49. Kxd6 e4 50. a8=Q+ Kxa8 51. Kc7
$18) 46. Ke6 $1 {The final combination is charming as White will promote his
queen second.} h4 (46... Bf8 47. Bxd6 Bxd6 48. Kxd6 e4 49. Kc6 e3 50. a7 $18)
47. Kxe7 h3 48. c5 (48. c5 h2 49. cxd6 h1=Q 50. d7+ Kc7 51. d8=Q#) 1-0

[Event "EU-chT (Men) 12th"]
[Site "Batumi"]
[Date "1999.12.03"]
[Round "5.1"]
[White "Lautier, Joel"]
[Black "Akesson, Ralf"]
[Result "0-1"]
[WhiteElo "2653"]
[BlackElo "2535"]
[Annotator "Ftacnik,L"]
[PlyCount "80"]
[EventDate "1999.11.06"]
[EventType "team-swiss"]
[EventRounds "9"]
[EventCountry "GEO"]
[SourceTitle "CBM 074"]
[Source "ChessBase"]
[SourceDate "2000.02.01"]
[SourceVersion "1"]
[SourceVersionDate "2000.02.01"]
[SourceQuality "1"]
[WhiteTeam "France"]
[BlackTeam "Sweden"]
[WhiteTeamCountry "FRA"]
[BlackTeamCountry "SWE"]

1. e4 c5 2. Nf3 e6 3. d4 cxd4 4. Nxd4 Nf6 5. Nc3 d6 6. g4 h6 7. h4 Nc6 8. Rg1
h5 9. gxh5 Nxh5 10. Bg5 Nf6 11. Be2 a6 12. Qd2 Qb6 13. Nb3 Bd7 14. O-O-O Qxf2
15. h5 Nxh5 (15... Qb6 16. h6 Qc7 17. Rdf1 Ng8 18. hxg7 Bxg7 19. Bd8 Nxd8 20.
Rxg7 Ne7 21. Qg5 Rf8 22. Bh5 Qc4 23. Qf6 e5 24. Nd2 Qe6 25. Qh4 Qh3 26. Qg5 Be6
27. Rh7 {1/2-1/2 Wahls,M-Kindermann,S/Altensteig/1987/ (27)}) (15... Be7 16.
Rdf1 Qb6 17. Be3 Qc7 18. Rxg7 O-O-O 19. h6 Rdf8 20. Bg5 Qd8 21. Qf4 Ne8 22.
Bxe7 Qxe7 23. Kb1 Ne5 {1/2-1/2 Pamungkas,J-Foo Hsiang Ming/Jakarta/1997/ (57)})
16. Rh1 (16. Be3 Qh2 (16... Qf6 $5 17. Bg5 Qf2 (17... Qg6 18. Be7 Nxe7 19. Rxg6
Nxg6 $13)) 17. Rh1 Qe5 18. Rxh5 Rxh5 19. Bf4 {1-0 Skripchenko,A-Schiffer,K/
Groningen/1998/ (19)}) 16... g6 17. e5 {Lautier certainly need a strong
measures to justify the sacrifice of two pawns.} (17. Be3 Qxe3 (17... Qf6 18.
Bg5 Qg7 $17) 18. Qxe3 Bh6 19. Qxh6 Rxh6 20. Rxd6 Ne5 $17) 17... Qf5 (17... Nxe5
$5 18. Ne4 Qf5 19. Qe3 (19. Rxh5 gxh5 20. Nf6+ Kd8 21. Nd5+ Kc8 22. Nb6+ Kb8
$17) (19. Bxh5 Qxe4 $17) 19... Bc6 $17) 18. Bxh5 $6 (18. exd6 $5 Rc8 (18... Bg7
19. Rhf1 Bxc3 20. bxc3 Qe5 $15) (18... Ne5 19. Nd4 Qxg5 20. Qxg5 Bh6 21. Qxh6
Rxh6 22. Ne4 $13) 19. Rhf1 Qxg5 20. Qxg5 Bh6 21. Qxh6 Rxh6 22. Nc5 Nd8 23. Nxd7
Kxd7 24. Na4 Rc6 25. Bf3 Rxd6 26. Nb6+ Kc7 27. Na8+ $11) 18... Rxh5 19. Rxh5
gxh5 20. exd6 Ne5 $1 {Despite near material balance black is better with safe
king and prospects of promising endgames.} 21. Nd4 (21. Be7 Bxe7 22. dxe7 Kxe7
$17) 21... Qg4 22. Bf4 (22. Re1 Nc4 23. Nd5 Bg7 $1 (23... Bxd6 24. Nf6+ Kf8 25.
Bh6+ Ke7 26. Nxg4 Nxd2 27. Nf5+ Kd8 28. Nxd6 Nf3 $17) 24. Nc7+ Kf8 25. Qf4
Qxf4+ 26. Bxf4 Rc8 27. b3 Bxd4 28. bxc4 Bc6 $17) 22... Bxd6 23. Nde2 (23. Ne4
Nd3+ 24. Qxd3 Bxf4+ 25. Kb1 O-O-O 26. Nc6 Qxd1+ $1 27. Qxd1 Bxc6 28. Qxh5 Bxe4
$19) 23... Nc4 $1 24. Qd4 Bxf4+ 25. Nxf4 e5 $1 {A nice tactical defense, black
has achieved a dream by forcing excellent endgame.} (25... Bc6 26. Qxc4 e5 27.
Re1 O-O-O 28. Nfd5 Qxc4 29. Nb6+ Kc7 30. Nxc4 $14) 26. Qxc4 (26. Re1 Be6 27.
Rxe5 Nxe5 28. Qxe5 Qg1+ 29. Nd1 O-O-O $19) 26... Qxf4+ 27. Qxf4 exf4 28. Nd5 (
28. Rg1 Kf8 $19) 28... O-O-O 29. Nb6+ (29. Nxf4 h4 $19) 29... Kc7 30. Nd5+ Kc8
31. Nb6+ Kc7 32. Nd5+ Kc6 33. Nb4+ (33. Ne7+ Kc5 34. Rd5+ Kb6 35. Rxh5 Be6 $19)
33... Kb5 34. Rd4 h4 35. Nd3 (35. Rxf4 h3 36. Nd3 Rh8 $19) 35... h3 36. Rd5+
Kb6 37. Rh5 f3 38. Kd2 Re8 39. Rh6+ (39. Ne5 f2 40. Rh6+ Re6 41. Nxd7+ Ka7 42.
Rxe6 fxe6 43. Ke2 h2 $19) 39... Kc7 40. Rh7 Re2+ (40... Re2+ 41. Kd1 h2 $19)
0-1

[Event "EU-ch 4th"]
[Site "Istanbul"]
[Date "2003.06.10"]
[Round "10"]
[White "Dolmatov, Sergey"]
[Black "Korobov, Anton"]
[Result "1-0"]
[WhiteElo "2606"]
[BlackElo "2513"]
[Annotator "Ftacnik,L"]
[PlyCount "51"]
[EventDate "2003.05.30"]
[EventType "swiss"]
[EventRounds "13"]
[EventCountry "TUR"]
[SourceTitle "CBM 096"]
[Source "ChessBase"]
[SourceDate "2003.09.25"]
[SourceVersion "1"]
[SourceVersionDate "2003.09.25"]
[SourceQuality "1"]

1. e4 c5 2. Nc3 e6 3. Nf3 d6 4. d4 cxd4 5. Nxd4 Nf6 6. g4 Nc6 7. g5 Nd7 8. Be3
Be7 9. h4 O-O 10. Qd2 Nxd4 11. Bxd4 a6 12. O-O-O b5 13. Kb1 Bb7 14. a3 $146 {
Dolmatov feels, that since he managed to advance his kingside pawns without
the help of the move f3, he can afford to slow black's activity even with a3.}
(14. f3 Qc7 (14... b4 15. Ne2 a5 16. Nc1 Ne5 17. Qg2 Qc7 18. f4 Nc4 19. Bxc4
Qxc4 20. Rhe1 Rfe8 21. h5 Bf8 22. b3 Qc7 23. h6 {1-0 Antoniewski,
R-Schaffarczyk,A/Werther 2002/ (35)}) 15. h5 b4 16. Ne2 d5 17. g6 e5 18. h6
fxg6 19. hxg7 Rf7 20. Bh3 Qd6 21. Bf2 Nf6 22. exd5 Bxd5 23. Qe3 Qc6 24. Qxe5
Bd6 25. Qd4 Re8 26. Rhe1 Be5 27. Qc5 Qxc5 28. Bxc5 Bxf3 $17 {1-0 Gomez,
J-Grachev,B/Oropesa del Mar 2001/ (42)}) 14... Ne5 15. Qe3 Qc7 (15... Nc4 16.
Bxc4 bxc4 17. f4 Qc7 18. h5 $14) 16. f4 Nc4 17. Bxc4 Qxc4 18. Rhg1 (18. h5 Rac8
(18... Rfe8 19. g6 $16) 19. Rhg1 b4 20. axb4 Qxb4 21. g6 $14) 18... Rfe8 19. f5
exf5 $2 {[%mdl 256] Korobov is hoping to benefit from the rook on e8, but now
he will not stand a chance of keeping the kingside at least halfway closed.} (
19... Bf8 20. f6 e5 21. fxg7 Bxg7 22. Bb6 $14) 20. exf5 Bf8 (20... Bf6 21. gxf6
(21. Qf2 Be5 $13) 21... Rxe3 22. Rxg7+ Kh8 (22... Kf8 23. Bxe3 Bf3 24. Rxd6
Qf1+ 25. Ka2 Qc4+ 26. Ka1 Re8 27. Bh6 $18) 23. Bxe3 Rd8 24. Rd4 $16) 21. Qf2
Rac8 (21... b4 22. axb4 Qxb4 23. g6 hxg6 24. fxg6 f6 25. Qf5 $18) 22. h5 a5 (
22... b4 23. axb4 Qxb4 24. g6 fxg6 25. hxg6 h6 26. f6 $18) 23. g6 {White is
clearly ahead of his opponent at least for two tempies.} b4 (23... hxg6 24.
hxg6 fxg6 25. fxg6 $18) 24. gxh7+ Kxh7 (24... Kh8 25. f6 g5 26. hxg6 fxg6 27.
f7+ $18) 25. h6 g6 (25... bxc3 26. hxg7 Kg8 27. Qh4 $18) 26. fxg6+ (26. fxg6+
fxg6 27. Qf6 Qg8 28. Rxg6 Re6 29. Qxe6 Qxe6 30. Rxe6 bxc3 31. Rf1 $18) 1-0

[Event "Fraenkische GM 1st"]
[Site "Pulvermuehle"]
[Date "2000.01.20"]
[Round "7"]
[White "Naiditsch, Arkadij"]
[Black "Bischoff, Klaus"]
[Result "1-0"]
[WhiteElo "2442"]
[BlackElo "2544"]
[Annotator "Ftacnik,L"]
[PlyCount "47"]
[EventDate "2000.01.12"]
[EventType "tourn"]
[EventRounds "9"]
[EventCountry "GER"]
[EventCategory "10"]
[SourceTitle "CBM 075"]
[Source "ChessBase"]
[SourceDate "2000.04.05"]
[SourceVersion "1"]
[SourceVersionDate "2000.04.05"]
[SourceQuality "1"]

1. e4 c5 2. Nf3 d6 3. d4 cxd4 4. Nxd4 Nf6 5. Nc3 e6 6. g4 Nc6 7. g5 Nd7 8. Be3
Be7 9. h4 O-O 10. Qh5 a6 11. Bd3 Nxd4 12. Bxd4 Ne5 13. O-O-O b5 14. f4 Nxd3+
15. Rxd3 Re8 {The new plan from Bishoff is rather passive, black need's quick
counteraction in order not to be squeezed on the kingside.} (15... Bb7 16. Re1
(16. Rg1 b4 17. Bxg7 (17. Nd5 exd5 18. Rdg3 Qc7 19. Qh6 Qxc2+ 20. Kxc2 Rfc8+
21. Kd2 gxh6 22. gxh6+ Bg5 23. Rxg5+ Kf8 24. exd5 Ke7 25. Rf5 Rc4 26. Kd3 Rac8
27. Rg7 {1-0 Movsesian,S-Cvitan,O/Germany/1997/ (27)}) 17... Kxg7 18. f5 Rg8
19. g6 fxg6 20. Rdg3 Kh8 21. fxg6 Rg7 22. gxh7 Rxh7 23. Qg6 bxc3 24. Qxe6 cxb2+
25. Kb1 Qf8 {0-1 Agopov,M-Kokkila,T/Finland/1998/ (37)}) 16... b4 17. Nd1 (17.
Na4 Bc6 18. Nb6 Rb8 19. f5 e5 20. Bxe5 Qxb6 21. Bxg7 Qf2 22. Re2 Qf4+ 23. Rdd2
Kxg7 24. f6+ Bxf6 25. gxf6+ Qxf6 {0-1 Zoldan,M-Guido,F/Bratto/1997/ (25)})
17... Re8 (17... Qa5 18. b3 Qxa2 19. f5 Rac8 20. Bb2 Rc5 21. Re2 a5 22. Rg3 a4
23. bxa4 Qxa4 {0-1 Degerman,L-Cvitan,O/Vienna/1991/ (33)}) 18. Nf2 Qa5 19. Ng4
(19. Kb1 $2 b3 $19) 19... b3 20. Nh6+ gxh6 21. Rg1 hxg5 22. Qh6 e5 23. Bxe5
dxe5 24. Rxg5+ Bxg5 25. Qxg5+ {1/2-1/2 Hector,J-Vogt,L/Tastrup/1990/ (26)}) (
15... b4 16. Ne2 (16. f5 bxc3 17. Bxg7 exf5 18. Bxc3 Re8 19. Rg1 Qc7 20. g6
Bg5+ 21. Rxg5 fxg6 22. Rxg6+ hxg6 23. Qh8+ {1-0 Manik,M-Kraai,J/Pardubice/1997/
(23)}) (16. Nd1 Qa5 17. Ne3 Bb7 18. Qf3 Rfc8 19. Ng4 Qxa2 20. Rg1 Rc4 21. Kd2
Rac8 22. Ne3 Rxd4 23. Rxd4 Qxb2 {0-1 Sedina,E-Aldrovandi,C/Torino/1998/ (35)})
16... Qa5 (16... Bb7 17. Ng3 Rc8 18. Rf1 Qc7 19. Rd2 Qa5 20. Rg2 Qxa2 21. Rf3
Rc4 {0-1 Grafl,F-Schaffarczyk,A/Senden/1998/ (33)}) 17. Kb1 e5 18. Be3 Be6 19.
b3 d5 20. Qf3 f5 (20... Rac8 21. f5 Qc7 22. Rc1 dxe4 23. Qxe4 Bd7 24. f6 gxf6
25. gxf6 Bxf6 26. Ng3 Kh8 27. Nh5 Be7 28. Bb6 {1-0 Movsesian,S-Orsag,M/CZE/
1996/ (28)}) 21. gxf6 Bxf6 22. f5 dxe4 23. Qxe4 Bf7 24. Bg5 Rad8 25. Rg1 Bxg5
26. hxg5 Rxd3 27. Qxd3 {1/2-1/2 Almasi,Z-Cvitan,O/Budapest/1991/ (46)}) 16. f5
Bf8 $6 (16... exf5 $5 17. Rf1 b4 (17... g6 18. Qf3 Bb7 19. Qf4 $16) 18. Nd5 Qa5
19. Bxg7 Qxa2 20. Kd2 $40) 17. f6 g6 (17... Qc7 18. fxg7 Bxg7 19. Bxg7 Kxg7 20.
Qh6+ Kg8 21. h5 $16) 18. Qf3 e5 (18... b4 19. h5 $1 e5 20. hxg6 hxg6 21. Qg3
$18) 19. h5 $1 {The h file motives are so dangerous for black, that he has to
make great concessions in order simply to continue the game.} Be6 (19... exd4
20. hxg6 hxg6 (20... fxg6 21. f7+ Kh8 22. fxe8=Q Qxe8 23. Nd5 $18) 21. Qg3 dxc3
22. Qh4 $18) 20. Bxe5 $1 (20. hxg6 fxg6 21. Bxe5 $18) 20... Qc7 (20... Bc4 21.
hxg6 fxg6 22. Bd4 $18) (20... b4 21. hxg6 fxg6 22. Rxh7 $1 Kxh7 (22... dxe5 23.
Qh1 $18) 23. Qh1+ Kg8 (23... Bh3 24. Rxh3+ Kg8 25. Rh7 $18) 24. f7+ $18) 21.
Bd4 Rac8 22. Rd2 (22. hxg6 fxg6 (22... b4 23. gxh7+ Kh8 24. g6 $18) 23. f7+
Qxf7 24. Qxf7+ Bxf7 (24... Kxf7 25. Rxh7+ Kg8 26. Rh8+ Kf7 27. Rf3+ $18) 25.
Rxh7 Bc4 26. Rdh3 b4 27. Rd7 $18) 22... b4 23. Nd5 Qa5 (23... Bxd5 24. exd5 b3
25. Qxb3) 24. hxg6 (24. hxg6 fxg6 (24... hxg6 25. Rdh2 $18) (24... Qxa2 25.
Ne7+ $1 Rxe7 26. gxh7+ Kh8 27. fxe7+ $18) 25. f7+ Bxf7 26. Nf6+ Kg7 27. Rxh7#)
1-0

[Event "Corus"]
[Site "Wijk aan Zee"]
[Date "2001.01.13"]
[Round "1"]
[White "Shirov, Alexei"]
[Black "Topalov, Veselin"]
[Result "1-0"]
[WhiteElo "2718"]
[BlackElo "2718"]
[Annotator "Ftacnik,L"]
[PlyCount "47"]
[EventDate "2001.01.13"]
[EventType "tourn"]
[EventRounds "13"]
[EventCountry "NED"]
[EventCategory "19"]
[SourceTitle "CBM 081"]
[Source "ChessBase"]
[SourceDate "2001.03.20"]
[SourceVersion "1"]
[SourceVersionDate "2001.03.20"]
[SourceQuality "1"]

1. e4 c5 2. Nf3 d6 3. d4 cxd4 4. Nxd4 Nf6 5. Nc3 a6 6. Be3 e6 7. g4 e5 8. Nf5
g6 9. g5 gxf5 10. exf5 d5 11. Qf3 d4 12. O-O-O Nbd7 13. Bd2 Qc7 14. gxf6 dxc3
15. Bxc3 Qc6 16. Qg3 Bh6+ 17. Kb1 Bf4 18. Qd3 Rg8 19. Bh3 {Shirov is obviously
enjoying this unclear position with the piece sacrifice. He keeps repeating
this variation with enviable courage.} Kd8 $2 (19... Qxf6 20. Bb4 Qb6 21. Qc4
$13) 20. Bb4 Qxf6 (20... Kc7 21. Bd6+ Kd8 (21... Kb6 22. Qb3+ Ka7 23. Qxf7) 22.
Rhg1 Rg5 (22... Re8 23. Qa3 $2) 23. Rxg5 Bxg5 24. Qg3 h6 25. Bxe5 Ke8 26. Bd6
$18) 21. Qc4 Rg5 $2 (21... b5 22. Ba5+ (22. Qe4 Ra7) 22... Ke8 23. Qc7 Rg5 24.
Rd6 e4 25. Qxd7+ Bxd7 26. Rxf6 Rh5 (26... Be5 27. Rh6 Bxf5 28. Bd2 $16) 27. Bg2
Rxf5 (27... Ke7 28. Bxe4 Kxf6 29. Bc3+ $14) 28. Rb6 Bc7 29. Bxe4 Bxb6 30. Bxb6
Rc8 $14) (21... Qc6 $2 22. Qxf7 $18) (21... a5 22. Rd6 Qg5 23. f6 axb4 24. Rhd1
Qg1 25. Qd5 Qxd1+ 26. Qxd1 Kc7 27. Rxd7+ Bxd7 28. Qxd7+ Kb6 29. c3 $14) 22. Rd6
$1 {[%mdl 128] One mistake was sufficient for the abrupt end of the game.
Black king is feeling himself very insecurely on the square d8.} Qg7 (22... Qe7
23. f6 $18) 23. f6 Rg1+ (23... Qg6 24. Rhd1 $1 (24. Ba5+ b6 25. Bxb6+ Ke8 26.
Qc7 $18) 24... Rg1 25. Rxd7+ Bxd7 26. Be7+ Ke8 27. Bxd7#) 24. Bf1 $1 (24. Bf1
$1 Qg2 (24... Qg4 25. Ba5+ Ke8 26. Qc7) 25. Rxg1 Qxg1 26. Ba5+ b6 (26... Ke8
27. Re6+ $1 fxe6 (27... Kf8 28. Bb4+ Kg8 29. Re8+ $18) 28. Qxe6+ Kf8 29. Bb4+
Nc5 30. Bxc5#) 27. Bxb6+ Ke8 28. Re6+ fxe6 29. Qxe6+ Kf8 30. Bc5+ Nxc5 31. Qe7+
Kg8 32. Qe8#) 1-0

[Event "Kiev Spring"]
[Site "Kiev"]
[Date "2000.03.29"]
[Round "8"]
[White "Iordachescu, Viorel"]
[Black "Vorobiov, Evgeny E"]
[Result "1-0"]
[WhiteElo "2560"]
[BlackElo "2500"]
[Annotator "Ftacnik,L"]
[PlyCount "49"]
[EventDate "2000.03.22"]
[EventType "tourn"]
[EventRounds "11"]
[EventCountry "UKR"]
[EventCategory "11"]
[SourceTitle "CBM 077"]
[Source "ChessBase"]
[SourceDate "2000.07.27"]
[SourceVersion "1"]
[SourceVersionDate "2000.07.27"]
[SourceQuality "1"]

1. e4 c5 2. Nf3 d6 3. d4 cxd4 4. Nxd4 Nf6 5. Nc3 a6 6. Be3 e6 7. g4 d5 8. exd5
Nxd5 9. Nxd5 Qxd5 10. Rg1 Qa5+ 11. c3 Bd7 12. Bg2 Qc7 (12... Nc6 13. Qb3 (13.
Qd2 Rd8 $5) 13... Qc7 14. h3 $11) 13. Qd2 Nc6 14. Bf4 e5 (14... Bd6 $2 15. Nxe6
$1 $16) 15. Nxc6 exf4 $2 {[%mdl 16384] Black is clearly understimating the
danger in the position with opposite coloured bishops. His choice his wrong,
since 15...Bxc6 looks quite equalizing.} (15... Bxc6 16. Bxc6+ bxc6 17. Bg3 Bd6
$11) 16. Qe2+ Be6 17. Nd4 O-O-O (17... Qb6 18. Bd5 O-O-O 19. Bxe6+ fxe6 20.
O-O-O Bc5 21. Qc4 $14) 18. Nxe6 fxe6 19. Bf3 (19. Qxe6+ $6 Kb8 20. Rd1 Ba3 $1
21. Rxd8+ Qxd8 $15) 19... Bc5 20. Kf1 e5 (20... Rd6 21. Kg2 Rhd8 22. Rad1 $14)
21. Kg2 e4 $6 {Black did not like the prospect of the sufering along a8-h1
diagonal with his king on c8.} (21... Rhe8 22. Rad1 $14) 22. Qxe4 (22. Bxe4 $5
$16) 22... Rd2 23. Rgf1 Qb6 (23... Rxb2 24. Rab1 $16) 24. b4 Bxf2 (24... Rxf2+
25. Rxf2 Bxf2 26. Qxf4 $18) (24... Be3 25. Rad1 $18) 25. Qf5+ $1 (25. Qf5+ $1
Kd8 (25... Kb8 26. Qxf4+ $18) 26. Rad1 $18) 1-0